| 000 | 00464nam a2200169Ia 4500 | ||
|---|---|---|---|
| 999 |
_c7580 _d7580 |
||
| 008 | 200103s 1964 ||||xx |||||||||||||| ||und|| | ||
| 082 |
_a621.815 _bCAS |
||
| 100 | _aCastle, Frank | ||
| 245 | 2 | _aA manual of machine design and strength of materials | |
| 260 |
_bMacmillan _c1964 _aLondon |
||
| 300 | _ax, 355 p.: ill. | ||
| 504 | _aIncludes index | ||
| 650 | _aBeams and girders | ||
| 650 | _aShaft couplings | ||
| 650 | _aKnuckle joints | ||
| 942 | _cBK | ||